| 000 | 01178nam a2200217Ia 4500 | ||
|---|---|---|---|
| 999 |
_c29699 _d29699 |
||
| 003 | OSt | ||
| 005 | 20210222170004.0 | ||
| 008 | 160316s2011 xxu||||| |||| 00| 0 eng d | ||
| 020 | _a9780198075028 | ||
| 040 | _cNLS | ||
| 082 | _a338.9 GHA | ||
| 100 | _aGhani Ejaz | ||
| 245 | _aReshaping tomorrow : Is South Asia ready for the big leap | ||
| 260 |
_aNew Delhi _bOxford University Press _c2011 |
||
| 300 |
_a310p _cxiii |
||
| 365 | _b Rs. 795 | ||
| 505 | _aContents: TABLES AND FIGURES ; ACKNOWLEDGEMENTS ; PREFACE ; 1. Reshaping Tomorrow ; PART I: REASONS FOR OPTIMISM ; 2. Demographic Change and Economic Growth ; 3. The Rise of the Middle Class ; 4. Harnessing Globalization ; 5. Young Population and Migration ; PART II: CHALLENGES AHEAD ; 6. Avoiding Lopsided Spatial Transformation ; 7. Promoting Entrepreneurship, Growth and Job Creation ; 8. Managing Capital Flows ; 9. Managing Efficient Urbanization ; 10. Avoiding Informality Traps ; 11. Managing Conflict ; NOTES ON CONTRIBUTORS. | ||
| 650 | _a1. Economic Development - South Asia2. Social Conditions - Economic Conditions - 21st Century | ||
| 700 |
_a _a |
||
| 942 |
_2ddc _cBK |
||